000 00840nam a22002297a 4500
999 _c13581
_d13581
003 AR-CdUCM
008 190415b ||||| |||| 00| 0 spa d
040 _aMUNICIPALIDAD PROVINCIAL DEL CUSCO
_cBIBLIOTECA MUNICIPAL DEL CUSCO
082 _a860.820 /
_bH39
100 _aHenriquez Ureña, Pedro
_913415
245 _aObra critica /
260 _aMéxico :
_bFondo de cultura economica,
_c1960.
300 _a844 paginas ;
_c21 cm.
440 _aSerie de Literatura Moderna
_932045
505 _aContenido :Ensayos críticos -- La música nueva -- Horas de estudio -- Cuestiones filosóficas -- Literatura española y americana...
650 _aPoesía
_9139
650 _aEnsayos Líricos
_932046
650 _aLiteratura española
_9362
650 _aLiteratura española
_932047
942 _2ddc
_cLIBROS
945 _awnts
_d2019-04-15